Ongoing crisis communication planning, managing and responding
Enregistré dans:
| Auteur principal: | |
|---|---|
| Format: | Livre |
| Langue: | anglais |
| Publié: |
Sage Publications
2015
|
| Tags: |
Ajouter un tag
Pas de tags, Soyez le premier à ajouter un tag!
|
MARC
| LEADER | 00000nam a22000007a 4500 | ||
|---|---|---|---|
| 008 | 210826b ||||| |||| 00| 0 eng d | ||
| 020 | |a 978-1-4522-6136-2 | ||
| 100 | |a COOMBS, W. Timothy. | ||
| 245 | |a Ongoing crisis communication |b planning, managing and responding |c W. Timothy Coombs |g xiii, 240p. : ill. | ||
| 250 | |b 4th ed. | ||
| 260 | |b Sage Publications |c 2015 |h Los Angeles |i 692016 |i 692017 |l HD49 .C77 |m Crisis management. |m Communication in management. | ||
| 500 | |a “It includes references and index” | ||
| 942 | |a lcc |c BK |e YUNUSA, A.A. |f 26/8/21 | ||
| 952 | |0 0 |1 0 |2 lcc |4 0 |6 HD0049 C77 |7 0 |9 3232 |a HOL |b MPL |c GJ |d 2021-08-26 |l 0 |o HD49 .C77 |p 2021-66930 |r 2021-08-26 00:00:00 |w 2021-08-26 |y BK | ||
| 952 | |0 0 |1 0 |2 lcc |4 0 |7 0 |9 3233 |a HOL |b HOL |c GJ |d 2021-08-26 |o HD49 .C77 |p 2021-66931 |r 2021-08-26 00:00:00 |w 2021-08-26 |y BK | ||
| 999 | |c 1621 |d 1621 | ||